<?xml version="1.0" encoding="UTF-8"?><?xml-stylesheet type="text/xsl" href="static/style.xsl"?><OAI-PMH xmlns="http://www.openarchives.org/OAI/2.0/" xmlns:xsi="http://www.w3.org/2001/XMLSchema-instance" xsi:schemaLocation="http://www.openarchives.org/OAI/2.0/ http://www.openarchives.org/OAI/2.0/OAI-PMH.xsd"><responseDate>2026-04-17T05:17:20Z</responseDate><request verb="GetRecord" identifier="oai:www.recercat.cat:2072/381893" metadataPrefix="marc">https://recercat.cat/oai/request</request><GetRecord><record><header><identifier>oai:recercat.cat:2072/381893</identifier><datestamp>2026-03-08T23:54:04Z</datestamp><setSpec>com_2072_98</setSpec><setSpec>col_2072_378192</setSpec></header><metadata><record xmlns="http://www.loc.gov/MARC21/slim" xmlns:dcterms="http://purl.org/dc/terms/" xmlns:xsi="http://www.w3.org/2001/XMLSchema-instance" xmlns:doc="http://www.lyncode.com/xoai" xsi:schemaLocation="http://www.loc.gov/MARC21/slim http://www.loc.gov/standards/marcxml/schema/MARC21slim.xsd">
   <leader>00925njm 22002777a 4500</leader>
   <datafield ind2=" " ind1=" " tag="042">
      <subfield code="a">dc</subfield>
   </datafield>
   <datafield ind2=" " ind1=" " tag="720">
      <subfield code="a">Gomà, Ricard</subfield>
      <subfield code="e">author</subfield>
   </datafield>
   <datafield ind2=" " ind1=" " tag="260">
      <subfield code="c">1997</subfield>
   </datafield>
   <datafield ind2=" " ind1=" " tag="520">
      <subfield code="a">L'objectiu central d'aquest article és analitzar els processos de degradació, crisi i regeneració de Ciutat Vella de Barcelona, els quals són considerats de naturalesa politicoespacial, és a dir: tenen lloc en un marc territorialment específic i llurs factors explicatius es troben en l'àmbit de la decisió pública. A aquest efecte, l'article s'estructura en quatre grans apartats. Després d'una breu presentació del districte, es proposa un model explicatiu de la seva lògica politicoespacial de degradació al llarg del desenrotllisme autoritari. Es caracteritzen, tot seguit, les dimensions fonamentals de la crisi urbana resultant, a finals dels setanta. S'insereix Ciutat Vella en els models urbans predominants a la Barcelona dels vuitanta i principi dels noranta. I, finalment, s'analitzen els continguts i els escenaris de gestió de la política de regeneració urbana de Ciutat Vella al llarg dels últims quinze anys. L'article es tanca amb una proposta de reinterpretació analítica bidimensional d'aquesta política.</subfield>
   </datafield>
   <datafield ind2=" " ind1=" " tag="520">
      <subfield code="a">El objetivo central de este articulo es analizar los procesos de degradación, crisis y regeneración de Ciutat Vella de Barcelona, los cuales son considerados de naturaleza políticoespacial, es decir: se desarrollan en un marco territorialmente específico y sus factores explicativos se hallan en el ámbito de la decisión pública. A tal efecto, el artículo se estructura en cuatro grandes apartados. Tras una breve presentación del distrito, se propone un modelo explicativo de su lógica político-espacial de degradación durante el desarrollismo autoritario. Se caracterizan, después, las dimensiones fundamentales de la crisis urbana resultante, hacia finales de los setenta. Se inserta Ciutat Vella en los modelos urbanos predominantes en la Barcelona de los ochenta y principios de los noventa. Y, finalmente, se analizan los contenidos y los escenarios de gestión de la política de regeneración urbana de Ciutat Vella durante los últimos quince años. El artículo se cierra con una propuesta de reinterpretación analítica en un doble eje de dicha política.</subfield>
   </datafield>
   <datafield ind2=" " ind1=" " tag="520">
      <subfield code="a">L'objectif principal de cet article est analyser les processus de dégradation, crise et régénération de Ciutat Vella à Barcelone, lesquels sont considerés de caracter politique-spatial, c'est-à-dire: ils se développent dans un cadre territorial spécifique et leurs facteurs explicatifs se trouvent dan le domaine des décisions publiques. À cet effet, l'article se strucuture dans quatre grandes parties. Après une brève présentation du districte, il se propose un modèle explicatif de sa logique politique-spatiale de dégradation pendant le développement autoritaire. En suite il sont analysées les dimensions principales de la crise urbaine existente vers la fin des années soixante-dix. Ciutat Vella est inserée dans les modèles urbains predominantes de la Barcelona des années 80 et débuts des 90. Pour en dernier terme, analyser les contenus et les cadres de gestion de la politique de régénération urbaine de Ciutat Vella pendant les derniers quinze ans. Cet article finise avec une proposition de réinterprétation analytique dans le double axe de cette politique.</subfield>
   </datafield>
   <datafield ind2=" " ind1=" " tag="520">
      <subfield code="a">This article aims to analyse the processes of urban decay, crisis and regeneration in the Ciutat Vella district (Barcelona). These processes are considered to be of a political-spatial nature; that is, they evolve in a specific territorial framework and the explanatory factors are to be found in the sphere of public decision. The article is subdivided into four sections. Following a brief introduction on the Ciutat Vella district, an explanatory model of its political-spatial logic of this decay is outlined. The basic characteristics of the resulting urban crisis of the late seventies are then examined. Ciutat Vella conforms to the trends in urban development predominant throughout Barcelona during the 80s and early 90s. Finally, a detailed analysis is made of the contents and scenarios of management of the urban regeneration strategy applied in Ciutat Vella over the last fifteen years. The article concludes with a proposal of reinterpretation of this strategy, based on a two-dimensional analysis.</subfield>
   </datafield>
   <datafield tag="653" ind2=" " ind1=" ">
      <subfield code="a">Centre histbric</subfield>
   </datafield>
   <datafield tag="653" ind2=" " ind1=" ">
      <subfield code="a">Crisi urbana</subfield>
   </datafield>
   <datafield tag="653" ind2=" " ind1=" ">
      <subfield code="a">Regeneració</subfield>
   </datafield>
   <datafield tag="653" ind2=" " ind1=" ">
      <subfield code="a">Centro histórico</subfield>
   </datafield>
   <datafield tag="653" ind2=" " ind1=" ">
      <subfield code="a">Crisis urbana</subfield>
   </datafield>
   <datafield tag="653" ind2=" " ind1=" ">
      <subfield code="a">Regeneración</subfield>
   </datafield>
   <datafield tag="653" ind2=" " ind1=" ">
      <subfield code="a">Centre historique</subfield>
   </datafield>
   <datafield tag="653" ind2=" " ind1=" ">
      <subfield code="a">Crise urbaine</subfield>
   </datafield>
   <datafield tag="653" ind2=" " ind1=" ">
      <subfield code="a">Regénération</subfield>
   </datafield>
   <datafield tag="653" ind2=" " ind1=" ">
      <subfield code="a">Historic centre</subfield>
   </datafield>
   <datafield tag="653" ind2=" " ind1=" ">
      <subfield code="a">Urban crisis</subfield>
   </datafield>
   <datafield tag="653" ind2=" " ind1=" ">
      <subfield code="a">Regeneration</subfield>
   </datafield>
   <datafield ind2="0" ind1="0" tag="245">
      <subfield code="a">Degradació, crisi urbana i regeneració a Ciutat Vella de Barcelona : una anàlisi politicoespacial</subfield>
   </datafield>
</record></metadata></record></GetRecord></OAI-PMH>